PHARMACOGNOSY:PHARMACOGNOSY AND PLANT CULTIVATION [vol-2] (Record no. 7867)

MARC details
000 -LEADER
fixed length control field 00432nam a22001697a 4500
005 - DATE AND TIME OF LATEST TRANSACTION
control field 20230112114131.0
008 - FIXED-LENGTH DATA ELEMENTS--GENERAL INFORMATION
fixed length control field 220209b ||||| |||| 00| 0 eng d
020 ## - INTERNATIONAL STANDARD BOOK NUMBER
ISBN 81-239-1576-4
041 ## - LANGUAGE CODE
Language code of text/sound track or separate title eng
082 ## - DEWEY DECIMAL CLASSIFICATION NUMBER
Classification number 615.321
100 ## - MAIN ENTRY--AUTHOR NAME
Personal name ALI, MOHAMMED
245 ## - TITLE STATEMENT
Title PHARMACOGNOSY:PHARMACOGNOSY AND PLANT CULTIVATION [vol-2]
260 ## - PUBLICATION, DISTRIBUTION, ETC. (IMPRINT)
Place of publication NEW DELHI
Name of publisher CBS
300 ## - PHYSICAL DESCRIPTION
Number of Pages 733;p
650 ## - SUBJECT ADDED ENTRY--TOPICAL TERM
Topical Term PHARMACY
General subdivision B.PHARMA
942 ## - ADDED ENTRY ELEMENTS (KOHA)
Koha item type Books
Holdings
Lost status Damaged status Collection code Home library Current library Shelving location Date acquired Source of acquisition Cost, normal purchase price Full call number Accession Number Koha item type
    Reference JRU Library JRU Library SHELF-4-B 09/02/2022 PURCHASE 1250.00 615.321 25999 Books
    PHARMACY JRU Library   SHELF-73-C 09/02/2022 PURCHASE 1250.00 615.321 26000 Books